000 00516nam a2200205Ia 4500
001 32952
003 IN-NITTTR
005 20251114233436.0
008 251113s9999||||xx |||||||||||||| ||eng||
040 _beng
040 _cIN-NITTTR
041 _aeng
082 _aR119.95
100 _aWang, Honggang
245 0 _aWireless Health /
_cWang, Honggang, Mahmud, Md Shaad, Fang, Hua, Wang, Chonggang
700 _a Fang, Hua
700 _a Mahmud, Md Shaad
700 _a Wang, Chonggang
942 _2ddc
_cBK
999 _c35583
_d35583